| 000 | 00928nam a2200253Ia 4500 | ||
|---|---|---|---|
| 003 | OSt | ||
| 005 | 20221005105722.0 | ||
| 006 | a|||||r|||| 00| 0 | ||
| 007 | ta | ||
| 008 | 221004b |||||||| |||| 00| 0 hin d | ||
| 020 |
_a9788189997281 (hbk) _c495 |
||
| 024 | _a100471 | ||
| 037 |
_b376, 04/03/2010, Swaraj Prakashan _cTextual |
||
| 040 |
_aCRL _cCRL _bhin |
||
| 041 |
_2hin _ahin |
||
| 082 | _a4,4, 152P2 | ||
| 100 | _aपचौरी, सुधीश | ||
| 245 | 0 |
_aजनसंचार माध्यम _b भाषा और संस्कृति |
|
| 246 | _aJanasanchār mādhyama: bhāṣhā aur sanskṛuti | ||
| 260 |
_aनई दिल्ली _bश्री नटराज प्रकाशन भारत _c2002 |
||
| 300 |
_a218पृ0 _ccm. |
||
| 942 |
_h4,4, 152P2 _cTEXL _2cc |
||
| 999 |
_c1016692 _d1016692 |
||